| 000 | 00539nam a22002057a 4500 | ||
|---|---|---|---|
| 003 | OSt | ||
| 005 | 20220107122726.0 | ||
| 008 | 131227b xxu||||| |||| 00| 0 eng d | ||
| 020 | _a9788131721650 | ||
| 040 | _cIIITM-K | ||
| 082 | _a005.13 SEB/C;1 | ||
| 100 |
_aSebesta, Robert W _92625 |
||
| 245 |
_aConcepts of programming languages _cby Robert W Sebesta |
||
| 250 | _a8th ed. | ||
| 260 |
_aNew Delhi, _bPearson, _c2008. |
||
| 300 | _a763p. | ||
| 650 |
_aPROGRAMMING LANGUAGES _92626 |
||
| 650 |
_aSEMANTICS _92627 |
||
| 942 |
_2ddc _cBK |
||
| 999 |
_c3447 _d3447 |
||